书目信息 |
| 题名: |
无为党史人物传
|
|
| 作者: | 王敏林 编著 | |
| 分册: | ||
| 出版信息: | 北京 团结出版社 2022.02 |
|
| 页数: | 304页 | |
| 开本: | 26cm | |
| 丛书名: | ||
| 单 册: | ||
| 中图分类: | K820.854.4 | |
| 科图分类: | ||
| 主题词: | ||
| 电子资源: | ||
| ISBN: | 978-7-5126-9094-3 | |
| 000 | 00783nam0 2200217 450 | |
| 001 | 011025153846 | |
| 005 | 20221025153846.0 | |
| 010 | @a978-7-5126-9094-3@dCNY69.80 | |
| 100 | @a20201004d2022 em y0chiy0120 ea | |
| 101 | 0 | @achi |
| 102 | @aCN@b110000 | |
| 105 | @aa z 000yc | |
| 106 | @ar | |
| 200 | 1 | @a无为党史人物传@Awu wei dang shi ren wu chuan@f王敏林编著 |
| 210 | @a北京@c团结出版社@d2022.02 | |
| 215 | @a304页@c照片@d26cm | |
| 330 | @a本书收录无为籍八十多位先进党史人物的传记,分为革命烈士、英雄模范、濡须先锋、统战群英四个版块,讲述了他们为中华民族解放事业英勇奋斗的英雄事迹。 | |
| 601 | 02 | @a中国共产党@Azhong guo gong chan dang@x历史人物@x列传@y无为县 |
| 690 | @aK820.854.4@v5 | |
| 701 | 0 | @a王敏林@Awang min lin@4编著 |
| 905 | @a河南城建学院图书馆@dK820.854.4@eW283 | |
| 无为党史人物传/王敏林编著.-北京:团结出版社,2022.02 |
| 304页:照片;26cm |
| ISBN 978-7-5126-9094-3:CNY69.80 |
| 本书收录无为籍八十多位先进党史人物的传记,分为革命烈士、英雄模范、濡须先锋、统战群英四个版块,讲述了他们为中华民族解放事业英勇奋斗的英雄事迹。 |
| ● |
| 相关链接 |
|
|
|
正题名:无为党史人物传
索取号:K820.854.4/W283
 
预约/预借
| 序号 | 登录号 | 条形码 | 馆藏地/架位号 | 状态 | 备注 |
| 1 | 1589865 | 215898651 | 社科库309/309社科库 45排4列4层/ [索取号:K820.854.4/W283] | 在馆 | |
| 2 | 1589866 | 215898660 | 社科库309/309社科库 45排4列4层/ [索取号:K820.854.4/W283] | 在馆 |